| 000 | 00496nam a2200205Ia 4500 | ||
|---|---|---|---|
| 008 | 170918s9999 xx 000 0 und d | ||
| 020 | _a9780545130028 | ||
| 050 | _bW746ci 2010 | ||
| 100 | _aWilson, Camilla J. | ||
| 245 | _aCivil war spies : | ||
| 245 | _bbehind enemy lines / | ||
| 245 | _cby Camilla J. Wilson. | ||
| 260 | _aNew York : | ||
| 260 | _bScholastic, | ||
| 260 | _c2010 | ||
| 300 | _avii, 104 pages : | ||
| 300 | _billustrations ; | ||
| 300 | _c19cm. | ||
| 500 | _a1000 | ||
| 999 |
_c344200 _d344200 |
||